| 000 | 00416nam a2200145 a 4500 | ||
|---|---|---|---|
| 001 | 3686 | ||
| 003 | CDMR | ||
| 005 | 20130315112712.0 | ||
| 008 | 130130s1998||||||||||||||||||||||||||||d | ||
| 040 |
_aCDMR _bcat _cCPC GIRONA |
||
| 100 | 1 |
_aPagès, Vicenç _92625 |
|
| 245 | 1 | 3 |
_aUn tramvia anomenat text _b: el plaer en l'aprenentatge de l'escriptura _cVicenç Pagès |
| 260 |
_c1998 _bEmpúries _aBarcelona |
||
| 942 |
_cMON _2udc |
||
| 999 |
_c3686 _d3686 |
||